| 000 | 00771nam a2200205 a 4500 | ||
|---|---|---|---|
| 001 | BRCA_4045 | ||
| 005 | 20190320204527.0 | ||
| 008 | 120210s1852----mx-a######---#000-0#spa-# | ||
| 041 | _aspa | ||
| 044 | _amx | ||
| 050 | 4 |
_aHJ803 _b.E86 1852 |
|
| 100 | 1 |
_aEsparza, Marcos de. _910498 |
|
| 245 | 1 | 0 |
_aExposición del ex-ministro de Hacienda que suscribe, a la sección del gran jurado de la camara de senadores con motivo de la acusación por la orden relativa a la libre exportación de los dos millones y medio de pesos para los acreedores de bonos mexicanos en Londres _cMarcos de Esparza. |
| 260 |
_aMéxico _bJ. M. Lara _c1852 |
||
| 300 |
_a26 p. _bil. _c20 cm. |
||
| 500 | _aB116. | ||
| 650 | 1 | 4 |
_aFinanzas públicas _eMéxico _98086 |
| 902 | _aGFM | ||
| 942 |
_2lcc _cB |
||
| 999 |
_c3769 _d3769 |
||